| 000 | 00891cam a2200277 a 4500 | ||
|---|---|---|---|
| 001 | 1828494 | ||
| 003 | NUST - PNEC | ||
| 005 | 20170116181101.0 | ||
| 008 | 810318s1981 nyua b 001 0 eng | ||
| 010 | _a 80069829 | ||
| 020 | _a0801413893 | ||
| 040 |
_aDLC _cLIBRARY _dDLC |
||
| 043 | _aa-af--- | ||
| 050 | 0 | 0 |
_aDS371.2 _b.N48 |
| 082 | 0 | 0 |
_a958.1044 NEW _219 |
| 100 | 1 |
_aNewell, Nancy Peabody, _d1932- |
|
| 245 | 1 | 4 |
_aThe struggle for Afghanistan / _cNancy Peabody Newell, Richard S. Newell. |
| 260 |
_aIthaca : _bCornell University Press, _c1981. |
||
| 300 |
_a236 p. : _bill. ; _c22 cm. |
||
| 504 | _aIncludes bibliographical references and index. | ||
| 650 |
_912383 _bHistory _xGeneral book |
||
| 651 | 0 |
_aAfghanistan _xHistory _ySoviet occupation, 1979-1989. |
|
| 700 | 1 |
_aNewell, Richard S., _d1933- |
|
| 906 |
_a7 _bcbc _corignew _d1 _eopcn _f19 _gy-gencatlg |
||
| 942 |
_2ddc _cBK |
||
| 999 |
_c68758 _d68758 |
||